Akvaristika

Bibliographic Details
Main Author: Polák, Karel, 1912-1987 (Author)
Other Authors: Knobloch, Bohuslav, 1924-1998 (Illustrator)
Format: Book
Language:Czech
PhysicalDescription:228, [4] s. 20 cm 32 fareb. obr. na príl.
Published: Praha Státní zemědělské nakladatelství 1991
ISBN:8020900993
Edition:3. vyd.
Subjects:

MARC

LEADER 00000cam a2200000 a 4500
001 vtls001126365
003 SK-MaSNL
005 20260301111638.0
008 250414s1991 xr a 00000 cze
020 |a 8020900993 
035 |a SNK000069214 
040 |a SNK  |b slo  |c SNK  |e AACR2 
041 0 |a cze 
044 |a xr  |c CZ 
080 |a 639.34  |2 1981 
100 1 |a Polák, Karel,  |d 1912-1987  |4 aut  |9 216365 
245 1 0 |a Akvaristika  |c Karel Polák ; ilustroval Bohuslav Knobloch 
250 |a 3. vyd. 
260 |a Praha  |b Státní zemědělské nakladatelství  |c 1991 
300 |a 228, [4] s.  |c 20 cm  |e 32 fareb. obr. na príl. 
650 0 7 |a akvaristika  |2 SNKPH  |9 27735 
655 7 |a príručky  |2 SNKPH  |9 74364 
700 1 |a Knobloch, Bohuslav,  |d 1924-1998  |4 ill  |9 182643 
852 |a Slovenská národná knižnica 
919 |a 80-209-0099-3 
954 |a odborná, vedecká literatúra cudzojazyčná (svetová)  |2 lita 
999 |c 707832  |d 709762 
952 |t P60, <04>, [BOOK], {604}  |a SNK  |b SNK  |y VYP  |7 0  |p 17A0015479  |o snkID 91476 D1  |0 0  |1 1  |4 0  |d 1996-10-23  |l 0  |r 2004-12-31 00:00:00  |w 2026-02-23 
952 |t P60, <04>, [BOOK], {604}  |a SNK  |b SNK  |y NEVYP  |7 0  |p 17A0180341  |o snkID 91476  |0 0  |1 0  |4 0  |d 1999-02-10  |l 0  |r 2004-12-31 00:00:00  |w 2026-02-23